Statistics for biggest Indian cities

Click here to take the quiz!

General Stats

  • This quiz has been taken 15 times
  • The average score is 10 of 15

Answer Stats

Answer% Correct
Delhi
100%
Kolkata
100%
Mumbai
100%
Bangalore
85%
Chennai
85%
Hyderabad
85%
Ahmedabad
77%
Lucknow
77%
Pune
77%
Jaipur
54%
Nagpur
46%
Surat
46%
Kanpur
38%
Indore
23%
Thane
8%

Score Distribution

Percentile by Number Answered

Percent of People with Each Score

Your Score History

You have not taken this quiz